000 00395nam a22001577a 4500
003 OSt
008 250215b |||||||| |||| 00| 0 eng d
020 _a9788197818493
100 _aTARUNA,
245 _aEmerging Trends In Real- Time Data Analytics
260 _aNew Delhi,
_bNaples India:
_c2024.
300 _a581p.
650 _aFaculty Publication
700 _aPooja
942 _2ddc
_cBK
999 _c13136
_d13136